000 00985nam a2200277Ia 4500
003 OSt
005 20220930091425.0
006 a|||||r|||| 00| 0
007 ta
008 220926b |||||||| |||| 00| 0 eng d
024 _a5909
037 _cTheses
040 _aCRL
_cCRL
_beng
041 _2eng
_aeng
100 _aVerma Gunjan
_9545633
110 _aUniversity of Delhi. Faculty of Medical Sciences. Department of Medicine
245 0 _aStudy of bacteriological specturm of community acquired possible serious bactrial infections in children less than 2 months
260 _c2012
650 _aCHILDREN - DISEASES
700 _a Dr. B. Rath Gu.
_9538347
700 _a Dr. V. S. Randhawa Gu.
_9532804
700 _a Dr. Virendra Kumar Gu.
_9537062
700 _aUniversity of Delhi. Faculty of Medical Sciences. Department of Medicine
942 _cDIS
_2CC
999 _c882066
_d882066